000 00690cab a22001935a 4500
001 L148818
008 091111e20091016xxkeo f 000 0 eng d
035 _a(Sirsi) u148818
041 0 _aeng
100 1 _aMcMeeken, Roxane
245 0 0 _aFirst aid kit
260 _c2009
490 _aBuilding
_v274 (8601) 16 October 2009, 44-45 (2)
520 _aPresents a fast and cheap housebuilding technique requiring no training entitled NovoHouse. Shows illustrated steps on how to build a Novohouse. Suggests it would be a way to fight homelessness in areas affected by natural disasters.
590 _aKA
651 4 _aAsia
690 _aBUILT ENVIRONMENT-CONSTRUCTION DESIGN
942 _n0
999 _c81968
_d81968